BIBLIOTECA

SENCICO

Diseño de estructuras de concreto armado / (Registro nro. 3818)

Detalles MARC
000 -LEADER
fixed length control field 00938nam a22002777a 4500
003 - CONTROL NUMBER IDENTIFIER
control field PE SENCICO BE
005 - DATE AND TIME OF LATEST TRANSACTION
control field 20251020182626.0
008 - FIXED-LENGTH DATA ELEMENTS--GENERAL INFORMATION
fixed length control field 230206b |||||||| |||| 00| 0 eng d
020 ## - INTERNATIONAL STANDARD BOOK NUMBER
International Standard Book Number 978-612-317-297-8
040 ## - CATALOGING SOURCE
Original cataloging agency PE SENCICO BE
Transcribing agency PE SENCICO BE
041 ## - LANGUAGE CODE
Language code of text/sound track or separate title spa
082 ## - DEWEY DECIMAL CLASSIFICATION NUMBER
Classification number 624.1834
Item number H22
-- 2017
100 1# - MAIN ENTRY--PERSONAL NAME
9 (RLIN) 591
Personal name Harmsen, Teodoro E.
Relator term autor
245 1# - TITLE STATEMENT
Title Diseño de estructuras de concreto armado /
Statement of responsibility, etc. Teodoro E. Harmsen
250 ## - EDITION STATEMENT
Edition statement 5a ed.
260 ## - PUBLICATION, DISTRIBUTION, ETC.
Place of publication, distribution, etc. Lima :
Name of publisher, distributor, etc. Pontificia Universidad Católica del Perú,
-- Tarea Asociación Gráfica Educativa,
Date of publication, distribution, etc. 2017
300 ## - PHYSICAL DESCRIPTION
Extent [18], 965 p. :
Other physical details diagrs.,
Dimensions 24 cm.
650 14 - SUBJECT ADDED ENTRY--TOPICAL TERM
9 (RLIN) 550
Topical term or geographic name entry element Concreto armado
650 24 - SUBJECT ADDED ENTRY--TOPICAL TERM
9 (RLIN) 16
Topical term or geographic name entry element Diseño de estructuras
650 24 - SUBJECT ADDED ENTRY--TOPICAL TERM
9 (RLIN) 179
Topical term or geographic name entry element Ingeniería de estructuras
650 20 - SUBJECT ADDED ENTRY--TOPICAL TERM
Topical term or geographic name entry element Columnas de concreto
9 (RLIN) 574
650 24 - SUBJECT ADDED ENTRY--TOPICAL TERM
9 (RLIN) 571
Topical term or geographic name entry element Vigas
650 24 - SUBJECT ADDED ENTRY--TOPICAL TERM
9 (RLIN) 566
Topical term or geographic name entry element Torsión
910 ## - USER-OPTION DATA (OCLC)
-- hfp
-- hfp
942 ## - ADDED ENTRY ELEMENTS (KOHA)
Source of classification or shelving scheme Dewey Decimal Classification
Koha item type Libros
Edition 2017
Classification part 624.1834
Item part H22
Existencias
Fecha de la última vez que lo usaron Número de ingreso o de inventario Pago total Signatura topográfica completa Precio efectivo desde Tipo de documento Estado perdido Sistema de clasificación Estado dañado No es para préstamo Retirado Ubicación permanente Ubicación actual Fecha de adquisición
06/02/2023 16319   624.1834/H22/2017 06/02/2023 Libros   Dewey Decimal Classification       Biblioteca Central Lima Biblioteca Central Lima 06/02/2023